| 000 | 00421pab a2200157 454500 | ||
|---|---|---|---|
| 008 | 180718b1984 xxu||||| |||| 00| 0 eng d | ||
| 100 | _aSullivan, O. | ||
| 245 |
_aHousing pathways and stratification _bSome evidence from a British National Survey |
||
| 260 | _c1984 | ||
| 300 | _a147-65 | ||
| 362 | _aApr. | ||
| 650 | _aHousing - U.K. | ||
| 700 | _aM.J. Murphy | ||
| 773 | _aJournal of Social Policy | ||
| 909 | _a10003 | ||
| 999 |
_c10003 _d10003 |
||